000
00286nam a22001217a 4500
999
_c
153971
_d
153971
082
_a
_b
100
_a
Rajendra Bavishkar
245
_a
Chitra Mudgal ke katha sahitya me nari/
_c
by Rajendra Bavishkar
260
_a
_b
Roli Prashan
_c
300
_a
275p.
650
_a
942
_c
BK